LEADER 00973nam0-2200325---450- 001 990009090670403321 005 20090915150949.0 010 $a3-540-25992-9 035 $a000909067 035 $aFED01000909067 035 $a(Aleph)000909067FED01 035 $a000909067 100 $a20090915d2006----km-y0itay50------ba 101 0 $aeng 105 $aa-------001yy 200 1 $aCombustion$ePhysical and Chemical Fundamentals, Modeling and Simulation, Experiments, Pollutant Formation$fJ. Warnatz, U. Maas, R.W. Dibble 205 $a4th ed. 210 $aNew York$cSpringer$dc2006 215 $aXII, 378 p.,$cill.$d24 cm 610 0 $aCombustion 700 1$aWarnatz,$bJürgen$0338211 701 1$aMaas,$bUlrich$021985 701 1$aDibble,$bRobert W.$021984 801 0$aIT$bUNINA$gRICA$2UNIMARC 901 $aBK 912 $a990009090670403321 952 $a04 000-443$bIRC 1075753$fDINCH 959 $aDINCH 996 $aCombustion$9785498 997 $aUNINA